000 00302nam a22001337a 4500
020 _a978-93-90602-43-8
082 _a823
_bMAP/M
100 _aMAPLE KIDS
245 _aMOSES
260 _aNOIDA
_bMAPLE PRESS PRIVATE LIMITED
_c2021
300 _a16
650 _aCHILDRENS LITERATURE
_zINDIA
942 _cBK
999 _c7093
_d7093